Statystyki dla Rola "IRL" (bez botów i altów)

Kliknij tutaj aby rozwiązać quiz!

Ogólne statystyki

  • Ten quiz został rozwiązany 4 razy
  • Średni wynik to 5 z 7

Statystyki odpowiedzi

HintOdpowiedź% Poprawnych
1Beza
100%
5Czajo
100%
6Bartuś
67%
7FifiArz
67%
2Nowy
67%
4Tymo
67%
3Knopeć
33%

Rozkład punktacji

Percentyl według liczby udzielonych odpowiedzi

Procent ludzi z każdym wynikiem

Twoja historia wyników

Nie rozwiązałeś tego quizu